Estatísticas para Digitação Rápida até 100

Clique aqui para jogar o quiz

Estatísticas Gerais

  • Esse quiz foi jogado 1 559 vezes
  • A pontuação média é 71 de 100

Estatísticas das Respostas

#% Correto
1
100%
2
99%
3
98%
4
98%
5
98%
8
98%
6
97%
7
97%
9
97%
10
94%
12
93%
11
92%
13
92%
14
92%
15
91%
16
91%
23
91%
17
90%
21
90%
18
89%
19
89%
20
89%
22
89%
24
89%
25
89%
26
89%
27
88%
28
88%
29
87%
30
87%
32
87%
33
87%
34
87%
31
86%
35
86%
36
86%
37
85%
38
85%
39
84%
44
83%
40
82%
41
82%
43
82%
45
82%
42
81%
46
79%
47
79%
48
77%
49
77%
50
77%
52
76%
55
76%
51
75%
53
75%
54
75%
56
72%
57
70%
58
69%
59
69%
60
68%
61
66%
62
65%
65
65%
66
65%
63
64%
64
64%
67
61%
68
58%
69
56%
70
55%
71
55%
72
55%
73
54%
74
54%
75
52%
76
52%
77
52%
78
50%
80
47%
79
46%
81
46%
83
46%
82
45%
84
45%
88
45%
85
43%
87
42%
86
41%
89
41%
90
40%
91
37%
92
37%
93
36%
94
36%
99
35%
95
34%
96
33%
98
33%
100
32%
97
32%

Distribuição das Pontuações

Percentil de Números Respondidos

Porcentagem de Pessoas com Cada Pontuação

Sua Pontuação Histórica

Você não jogou esse quiz